El vergonzoso en palacio / El burlador de Sevilla y convidado de piedra /

Gespeichert in:
Bibliographische Detailangaben
1. Verfasser: Tirso de Molina (autor)
Format: Buch
Sprache:Spanisch
Veröffentlicht: Buenos Aires, Argentina : Sopena, c19439-1940
Tags: Tag hinzufügen
Keine Tags, Fügen Sie das erste Tag hinzu!

MARC

LEADER 00000nam^a2200000^a^4500
001 000437380
005 20250526000000.0
009 20260310123219.438
037 |a Acervo ITESO - Biblioteca 
041 |a ESP 
091 |a FHM. 08543 
100 |a Tirso de Molina  |e (autor) 
245 1 3 |a El vergonzoso en palacio / El burlador de Sevilla y convidado de piedra / 
264 4 |a Buenos Aires, Argentina :  |b Sopena,  |c c19439-1940 
300 |a 158, 190 p. ;  |c 23.0 cm. 
336 |a texto  |b txt  |2 rdacontenido 
337 |a sin mediación  |b n  |2 rdamedio 
338 |a volumen  |b nc  |2 rdasoporte 
649 |a XX 
910 |a Fondo Hugo B. Margáin 
920 |a Impresos - Libros 
930 |a Libros Antiguos y Raros 
940 |a Literatura 
905 |a 126 
901 |a 0500306771  |b IT2  |c LRA  |i D110073  |u 20250526 
902 |a https://opac.biblio.iteso.mx/vufind/Record/000437380